| 000 | 00817cam a2200265 i 4500 | ||
|---|---|---|---|
| 005 | 20260322212020.0 | ||
| 008 | data | ||
| 010 | _a 76001868 | ||
| 020 |
_a0913948055 : _c{dollar}5.95 |
||
| 020 |
_a9780913948057 : _c{dollar}5.95 |
||
| 040 |
_aDLC _cDLC _dDLC |
||
| 050 | 0 | 0 |
_aQL50 _b.T585 1976 |
| 082 | 0 | 0 | _a596 |
| 092 | _a596 T585 1976 | ||
| 110 | 2 | _aTime-Life Television. | |
| 245 | 1 | 0 |
_aElephants & other land giants : _bbased on the television series Wild, wild world of animals. _cTime-Life Television. |
| 260 |
_a[New York] : _bTime-Life Films, _cc1976. |
||
| 300 |
_a128 p. : _bill. ; _c28 cm. |
||
| 440 | 0 | _aWild, wild world of animals | |
| 500 | _aConsultants, W. G. Conway and others. | ||
| 500 | _aIncludes index. | ||
| 504 | _aBibliography: p. 126. | ||
| 650 | 0 |
_aZoology _xMiscellanea. |
|
| 001 | data | ||
| 999 |
_c460 _d460 |
||